000 00301nam a2200157Ia 4500
100 _aMadisetti/Vijay K
650 _aDSP
250 _a2
942 _cRB
366 _f20
654 _adsp
245 _aDigital signal processing Handbook
260 _bCRC
082 _bMAD
546 _aENGLISH
999 _c25880
_d25880